000 00664nam a2200241 i 4500
001 bg
100 1 _aSMYKLA, Bernard
245 1 0 _aPrawo bankowe :
_bkomentarz /
_cBernard Smykla.
260 _aWarszawa :
_bWydawnictwo C. H. Beck,
_c2005.
300 _aXXX, 550 s. ;
_c21 cm.
490 1 _aKomentarze Becka
504 _aBibliogr. s. XXI-XXX. Indeks.
650 9 _aBanki
_xprawo
_zPolska
_ystan na 2005 r.
830 _aKomentarze Becka
015 _aPB 5980/2005
020 _a8373876286
040 _cBPK
041 0 _apol
080 _a347.734(438)(094.5.07)
920 _a83-7387-628-6
942 _cKS
008 s pl f |000 0 pol
999 _c52611
_d52611
856 _uhttp://koha.tu.koszalin.pl/cgi-bin/koha/opac-detail.pl?biblionumber=52611
_yKatalog online BPK